| 000 | 00708nam a22001815i 4500 | ||
|---|---|---|---|
| 001 | 161781 | ||
| 003 | ES-MaACL | ||
| 005 | 20240301063056.0 | ||
| 008 | 990312s1890 sp |||| | spa d | ||
| 040 |
_aCCPB | B _bspa _cCCPB | B |
||
| 100 | 1 |
_aPérez de Guzmán y Gallo, Juan, _d1841-1928 _990777 |
|
| 245 | 1 | 3 |
_aEl autor y los interlocutores de los diálogos de la montería / _cpor Juan Pérez de Guzmán. |
| 260 |
_aMadrid : _b[s.n.], _c1890 ( _fOficina tipográfica de Ricardo Fé) |
||
| 300 |
_a105 p. ; _c23 cm. |
||
| 500 | 1 | _aTirada de 100 ejemplares. | |
| 852 |
_aES-MaACL _jT-533-F-4 _z-- Enc. hol. conservando la cub. original _z-- Enc. en un vol. facticio |
||
| 999 |
_c161781 _d161781 |
||